Statistiques concernant Chutes d'eau par pays

Cliquez ici pour prendre le quiz!

Statistiques générales

  • Ce quiz a été pris 45 fois
  • Le résultat moyen est 5 sur 20

Statistiques - réponses

ChutePays% Correct
Chutes du NiagaraCanada | États-Unis
98%
Chutes d'IguazuBrésil | Argentine
62%
Chute d'eau de HannokiJapon
55%
Trou de FerFrance
43%
KjelfossenNorvège
43%
Chutes VictoriaZambie | Zimbabwe
43%
Chutes HuangguoshuChine
40%
Salto AngelVenezuela
38%
PissevacheSuisse
33%
Cascade du ToceItalie
14%
DettifossIslande
12%
Cascade de KrimmlAutriche
10%
Tugela FallsAfrique du Sud
7%
Chutes de LajaChili
5%
Browne FallsNouvelle-Zélande
5%
Chute HopetounAustralie
2%
Cascade de CooBelgique
2%
Chutes de JogInde
2%
Chutes de Zarde LimehIran
2%
YumbillaPérou
0%

Distribution des résultats

Percentile par nombre de réponses

% des personnes avec chaque résultat

Votre développement - résultats

Vous n’avez pas pris ce quiz